000 00364nam a2200133Ia 4500
005 20251222144854.0
008 251222s9999||||xx |||||||||||||| ||spa||
082 _a288/S83/T.1/Ej.2
100 _aStrotmann, Norberto
245 0 _aTeología y pensamiento social:
250 _a1ra.ed.
264 _bFacultad de Teología Pontificia y Civil de Lima
942 _cLIB
999 _c21708
_d21708